Marketingová komunikácia v oblasti škôl
Marketing a marketingová komunikácia patria medzi stále rozvíjajúce sa odbory, ktoré nachádzajú uplatnenie vo všetkých organizáciách či už v súkromnom alebo verejnom sektore. Každá vysoká škola s rastom konkurenčného prostredia a s cieľom dosiahnutia konkurenčnej výhody musí využívať marketingový ko...
Salvato in:
| Autore principale: | |
|---|---|
| Altri autori: | |
| Natura: | Capitolo di libro |
| Lingua: | slovacco |
| Soggetti: | |
| Tags: |
Nessun Tag, puoi essere il primo ad aggiungerne!!
|
MARC
| LEADER | 00000nla a2200000 4500 | ||
|---|---|---|---|
| 001 | 0151243 | ||
| 005 | 20221103131331.2 | ||
| 041 | 0 | |a slo | |
| 044 | |a SK | ||
| 245 | 1 | 0 | |a Marketingová komunikácia v oblasti škôl |c Jana Markušová, Daniel Markuš |
| 520 | |a Marketing a marketingová komunikácia patria medzi stále rozvíjajúce sa odbory, ktoré nachádzajú uplatnenie vo všetkých organizáciách či už v súkromnom alebo verejnom sektore. Každá vysoká škola s rastom konkurenčného prostredia a s cieľom dosiahnutia konkurenčnej výhody musí využívať marketingový komunikačný mix. Každá škola sa zameriava na iný druh komunikácie, ale hlavný cieľ je pre všetky školy rovnaký. Ide o propagovanie a prezentovanie samej seba. | ||
| 610 | 2 | 0 | |a školstvo |
| 610 | 2 | 0 | |a školy vysoké |
| 610 | 2 | 0 | |a komunikácia marketingová |
| 610 | 2 | 0 | |a mix komunikačný |
| 610 | 2 | 0 | |a nástroje marketingové |
| 100 | 1 | |a Markušová, Jana | |
| 700 | 1 | |a Markuš, Daniel | |